Tancet M.B.A./ (Record no. 211185)

MARC details
000 -LEADER
fixed length control field 00562nam a22001817a 4500
010 ## - LCCN (DPL NO)
LC control number ENG-144810
020 ## - INTERNATIONAL STANDARD BOOK NUMBER
International Standard Book Number 8172543026
Terms of availability 350.00
035 ## - SYSTEM CONTROL NUMBER
System control number EN-128342
037 ## - SOURCE OF ACQUISITION
Source of stock number/acquisition DBAD
082 ## - DEWEY DECIMAL CLASSIFICATION NUMBER
Classification number 020
Edition number First
100 ## - MAIN ENTRY--PERSONAL NAME
Personal name Ramasamy,E.S.
245 ## - TITLE STATEMENT
Title Tancet M.B.A./
Statement of responsibility, etc E.S. Ramasamy
260 ## - PUBLICATION, DISTRIBUTION, ETC. (IMPRINT)
Place of publication, distribution, etc Chennai
Name of publisher, distributor, etc Suraj College Of Competition
Date of publication, distribution, etc 2015
270 ## - ADDRESS
Address 1620,J Block,
City 16th Main Road, Anna Nagar,
Postal code 600040
Telephone number 044-26162173,26161099
Electronic mail address enquiry@surabooks.com
300 ## - PHYSICAL DESCRIPTION
Extent 140p.
Dimensions 24cm.(PB)
700 ## - ADDED ENTRY--PERSONAL NAME
Personal name .
9 (RLIN) 81060
942 ## - ADDED ENTRY ELEMENTS (KOHA)
Source of classification or shelving scheme Dewey Decimal Classification
Item type English Books
Classification part 020
Call number suffix Ram
Holdings
Withdrawn status Lost status Not for loan Collection code Home library Current library Date acquired Source of acquisition Cost, normal purchase price Full call number Barcode Copy number Cost, replacement price Koha item type
      Non-fiction Ashok Vihar Ashok Vihar 07/05/2025 DBAD 350.00 020 Ram EN-128342 1 350.00 English Books

© Delhi Public Library
Hit Counter
free hit counter